Algunos datos nuevos o curiosos acerca de la fauna del alto Amazonas : (Record no. 156343)

MARC details
000 -LEADER
campo de control de longitud fija 00916nam a22002175i 4500
001 - NÚMERO DE CONTROL
campo de control 156343
003 - IDENTIFICADOR DE NÚMERO DE CONTROL
campo de control ES-MaACL
005 - FECHA Y HORA DE LA ÚLTIMA TRANSACCIÓN
campo de control 20250828063258.0
008 - DATOS DE LONGITUD FIJA--INFORMACIÓN GENERAL
campo de control de longitud fija 990407s1870 sp |||| | spa d
080 ## - NÚMERO DE LA CLASIFICACIÓN DECIMAL UNIVERSAL
Número de la Clasificación Decimal Universal 599
100 1# - ENTRADA PRINCIPAL--NOMBRE DE PERSONA
Nombre de persona Jiménez de la Espada, Marcos,
Fechas asociadas al nombre 1831-1898
9 (RLIN) 222553
245 10 - MENCIÓN DEL TÍTULO
Título Algunos datos nuevos o curiosos acerca de la fauna del alto Amazonas :
Resto del título (mamíferos) /
Mención de responsabilidad, etc. por M. Jiménez de la Espada.
260 ## - PUBLICACIÓN, DISTRIBUCIÓN, ETC.
Lugar de publicación, distribución, etc. Madrid :
Nombre del editor, distribuidor, etc. [s.n.],
Fecha de publicación, distribución, etc. 1870 (
Fabricante Estab. Tip. de Tomás Rey)
300 ## - DESCRIPCIÓN FÍSICA
Extensión 27 p. ;
Dimensiones 25 cm.
530 ## - NOTA DISPONIBLE DE FORMULARIO FÍSICO ADICIONAL
Nota de formato físico adicional disponible Disponible en formato digital.
595 ## -
-- En port.: Publicado en el Boletín Revista de la Universidad de Madrid.
650 #4 - PUNTO DE ACCESO ADICIONAL DE MATERIA--TÉRMINO DE MATERIA
Término de materia o nombre geográfico como elemento de entrada Mamíferos-
Subdivisión geográfica Amazonía.
9 (RLIN) 138935
852 4# - LOCALIZACIÓN
Ubicación ES-MaACL
Número de control de estantería T-104-F-10
Nota libre - Enc. hol.
-- - Enc. en un vol. facticio
856 4# - LOCALIZACIÓN Y ACCESO ELECTRÓNICOS
Identificador Uniforme de Recursos <a href="http://bdh-rd.bne.es/viewer.vm?id=0000101576&page=1 ">http://bdh-rd.bne.es/viewer.vm?id=0000101576&page=1 </a>
Nota pública Biblioteca Digital Hispánica
Holdings
Estatus retirado Estado de pérdida Estado de daño No para préstamo Colección Biblioteca de origen Biblioteca actual Ubicación en estantería Fecha de adquisición Total de préstamos Signatura topográfica completa Código de barras Visto por última vez Precio de reemplazo Tipo de ítem Koha
        Colección de folletos Biblioteca del Ateneo de Madrid Biblioteca del Ateneo de Madrid Depósito folletos 17/01/2008   T-104-F-10 1163566 23/02/2023 23/02/2023 Folleto